Synergetika v astrofyzike, chémii, biológii, ekológii, medicíne, ekonómii a v sociológii

Enregistré dans:
Détails bibliographiques
Auteur principal: Krempaský, Július, 1931- (Auteur)
Format: Livre
Langue:slovaque
Publié: Bratislava : Veda, 1988
Édition:1. vyd.
Sujets:
Tags: Ajouter un tag
Pas de tags, Soyez le premier à ajouter un tag!

MARC

LEADER 00000nam a22000003a 4500
001 stu11273
005 20150617225700.8
008 950317s1988----cs------------------slo-d
040 |a STU  |b slo 
041 0 |a slo 
044 |a cs 
100 1 |a Krempaský, Július,  |d 1931-  |4 aut  |u E150  |U FEI Fakulta elektrotechniky a informatiky  |T FEI Katedra fyziky  |X 4391  |U E150  |Y 62  |7 A000004391 
245 1 |a Synergetika v astrofyzike, chémii, biológii, ekológii, medicíne, ekonómii a v sociológii 
250 |a 1. vyd. 
260 |a Bratislava :  |b Veda,  |c 1988 
300 |a 261 s 
650 7 |a vedy prírodné  |2 stusub 
650 7 |a synergetika  |2 stusub 
996 |b 284AU00734  |c A*2018 U  |l AAKNAR  |s A  |a 24  |w stu11273_0001